Reálny hospodársky cyklus - teória a empíria

Hospodársky cyklus - história, priebeh, povaha. Hospodársky cyklus - monetárny, reálny. Teórie hospodárskeho cyklu zostáva naďalej teóriou otvorenou s množstvom výziev pre súčasných ekonomických teoretikov.

Gespeichert in:
Bibliographische Detailangaben
1. Verfasser: Paulík, Tibor
Format: Buchkapitel
Sprache:Slowakisch
Schlagworte:
Tags: Tag hinzufügen
Keine Tags, Fügen Sie das erste Tag hinzu!

MARC

LEADER 00000naa$a2200000$$$4500
001 0045040
005 20220504134612.2
041 0 |a slo 
044 |a SK 
245 1 0 |a Reálny hospodársky cyklus - teória a empíria  |c Tibor Paulík 
520 |a Hospodársky cyklus - história, priebeh, povaha. Hospodársky cyklus - monetárny, reálny. Teórie hospodárskeho cyklu zostáva naďalej teóriou otvorenou s množstvom výziev pre súčasných ekonomických teoretikov. 
610 2 0 |a cykly hospodárske 
610 2 0 |a teória a prax 
610 2 0 |a teórie ekonomické 
100 1 |a Paulík, Tibor